| 000 | 00619nam a22002057a 4500 | ||
|---|---|---|---|
| 005 | 20150421111754.0 | ||
| 010 | _aENG-112305 | ||
| 020 |
_a9788189643379 _c395.00 |
||
| 035 | _aEN-95837 | ||
| 037 | _bDBAD/PUB | ||
| 082 | _a301 | ||
| 100 | _aBottomore T.B. | ||
| 245 |
_aSociology : _ba guide to problems and literature / _cby T.B. Bottomore |
||
| 260 |
_aNew Delhi _bRoutledge _c2014 |
||
| 270 |
_a912,Tolstoy House, 15-17 Tolstoy Marg, Connaught Place _bNew Delhi _e110001 |
||
| 300 |
_axvi,330p. _c22cm(pbk) |
||
| 500 | _aIncludes index | ||
| 650 | _aSociology. | ||
| 942 |
_2ddc _cEN _mSOC _h301 |
||
| 999 |
_c91972 _d91972 |
||